000 00357nam a2200157 i 4500
001 bg
100 1 _aSAKS, S.
245 0 _aFunkcje analityczne /
_cS. Saks, A. Zygmund.T.10.
250 _aWyd. 3.
260 _aWarszawa,
_c1959.
700 1 _aZYGMUND, A.
040 _cBPK
041 _apol
942 _cKS
008 s pl f |000 0 pol
999 _c22795
_d22795
856 _uhttp://koha.tu.koszalin.pl/cgi-bin/koha/opac-detail.pl?biblionumber=22795
_yKatalog online BPK